El plan marketing, la planificación y el management

Guardat en:
Dades bibliogràfiques
Autor principal: Ferré Trenzano, José María (Autor)
Format: Llibre
Idioma:espanyol
Publicat: Barcelona Océano 2003
Col·lecció:Marketing Práctico
Matèries:
Etiquetes: Afegir etiqueta
Sense etiquetes, Sigues el primer a etiquetar aquest registre!

MARC

LEADER 00000nam a2200000 a 4500
001 UCK7979
003 CL-VaPUC
008 060105e20030000SP |||||||||||||||||spa|d
020 |a 8449427398 
082 0 4 |a 658.8  |b FER  |2 21 
100 0 |a Ferré Trenzano, José María  |e author  |9 497722 
245 1 3 |a El plan marketing, la planificación y el management 
300 |a 112 p 
942 |c BK 
945 |d 20060105 00:00:00  |a jtorresc 
260 |a Barcelona  |b Océano  |c 2003 
650 0 |a Marketing  |9 259324 
650 0 |a Planificación estratégica   |9 259735 
650 0 |a Negocios  |9 262468 
650 0 |a Toma de decisiones   |9 257530 
650 0 |a Administración de empresas   |9 260833 
583 |a last modification  |c 20060105 00:00:00  |k Rodrigo Vera 
490 0 |a Marketing Práctico 
999 |c 315817  |d 315815 
952 |0 0  |1 0  |2 ddc  |4 0  |6 658_800000000000000_FER_2003  |7 0  |8 A  |9 389592  |a BIBING  |b BIBING  |c RES  |d 2019-11-22  |i 4198301  |o 658.8 FER 2003  |p 4198301  |r 2025-01-20  |w 2019-11-22  |y BK  |k TRA